000 00319nam a2200133Ia 4500
008 240624s9999 xx 000 0 und d
041 _aeng
082 _a920 WAL
100 _aWALTON SAM
245 _aMADE IN AMERICA
260 _c1993
_aNew York
_bBantam Books
300 _axiii, : 346 : p. : cm. ; 17
365 _c
_b20
999 _c8107
_d8107